000 00452nam a2200181Ia 4500
008 151202s9999||||xx |||||||||||||| ||und||
082 _bPNVM-35235
100 _aWOOD DENIS AND JOYCE.
245 _aACUPUNCTURE HAND BOOK.
260 _b---
260 _c1983
300 _a231
600 _aWOOD DENIS AND JOYCE.
630 _aACUPUNCTURE HAND BOOK.
700 _aWOOD DENIS AND JOYCE.
730 _aACUPUNCTURE HAND BOOK.
942 _cBOOK
999 _c1301191
_d1301188